<?xml version="1.0" encoding="UTF-8"?>
<record
    xmlns:xsi="http://www.w3.org/2001/XMLSchema-instance"
    xsi:schemaLocation="http://www.loc.gov/MARC21/slim http://www.loc.gov/standards/marcxml/schema/MARC21slim.xsd"
    xmlns="http://www.loc.gov/MARC21/slim">

  <leader>02267cam a22002653a 4500</leader>
  <controlfield tag="001">1338</controlfield>
  <controlfield tag="003">PGUSA</controlfield>
  <controlfield tag="005">20140828083000.0</controlfield>
  <controlfield tag="008">980601s1998||||xxu|||||s|||||000 p eng d</controlfield>
  <datafield tag="040" ind1=" " ind2=" ">
    <subfield code="a">PGUSA</subfield>
    <subfield code="b">eng</subfield>
  </datafield>
  <datafield tag="042" ind1=" " ind2=" ">
    <subfield code="a">dc</subfield>
  </datafield>
  <datafield tag="050" ind1=" " ind2="4">
    <subfield code="a">PR</subfield>
  </datafield>
  <datafield tag="100" ind1="1" ind2=" ">
    <subfield code="a">Wilde, Oscar,</subfield>
    <subfield code="d">1854-1900</subfield>
  </datafield>
  <datafield tag="245" ind1="1" ind2="0">
    <subfield code="a">Selected Prose of Oscar Wilde</subfield>
    <subfield code="h">[electronic resource] /</subfield>
    <subfield code="c">Oscar Wilde</subfield>
  </datafield>
  <datafield tag="260" ind1=" " ind2=" ">
    <subfield code="b">Project Gutenberg,</subfield>
    <subfield code="c">1998</subfield>
  </datafield>
  <datafield tag="505" ind1="0" ind2=" ">
    <subfield code="a">Preface by Robert Ross -- How they struck a contemporary -- The quality of George Meredith -- Life in the fallacious model -- Life the disciple -- Life the plagiarist -- The indispensable east -- The influence of the impressionists on climate -- An exposure to naturalism -- Thomas Griffiths Wainewright -- Wainewright at Hobart Town -- Cardinal Newman and the autobiographers -- Robert Browning -- The two supreme and highest arts -- The secrets of immortality -- The critic and his material -- Dante the living guide -- The limitations of genius -- Wanted a new background -- Without frontiers -- The poetry of arch&#xE6;ology -- The art of arch&#xE6;ology -- Herod suppliant -- The tetrarch's remorse -- The tetrarch's treasure -- Salom&#xE9; anticipates Dr. Strauss -- The young king -- A coronation -- The king of Spain -- A bull fight -- The throne room -- A protected country -- The blackmailing of the emperor -- Covent garden -- A letter from Miss Jane Percy to her aunt -- The triumph of American 'humor' -- The garden of death -- An Eton kit-cat -- Mrs. Erlynne exercises the prerogative of a grandmother -- Motherhood more than marriage -- The damnable ideal -- From a rejected prize-essay -- The possibilities of the useful -- The artist -- The doer of good -- The disciple -- The master -- The house of judgment -- The teacher of wisdom -- Wilde gives directions about 'De profundis' -- Carey street -- Sorrow wears no mask -- Vita nuova -- The grand romantic -- Clapham Junction -- The broken resolution -- Domesticity at Berneval -- A visit to the Pope.</subfield>
  </datafield>
  <datafield tag="506" ind1=" " ind2=" ">
    <subfield code="a">Public domain in the USA.</subfield>
  </datafield>
  <datafield tag="516" ind1=" " ind2=" ">
    <subfield code="a">Electronic text</subfield>
  </datafield>
  <datafield tag="653" ind1=" " ind2=" ">
    <subfield code="a">Essays</subfield>
  </datafield>
  <datafield tag="653" ind1=" " ind2=" ">
    <subfield code="a">Short stories</subfield>
  </datafield>
  <datafield tag="700" ind1="1" ind2=" ">
    <subfield code="a">Ross, Robert Baldwin,</subfield>
    <subfield code="d">1869-1918</subfield>
  </datafield>
  <datafield tag="830" ind1=" " ind2="0">
    <subfield code="a">Project Gutenberg</subfield>
    <subfield code="v">1338</subfield>
  </datafield>
  <datafield tag="856" ind1="4" ind2="0">
    <subfield code="u">http://www.gutenberg.org/ebooks/1338</subfield>
  </datafield>
  <datafield tag="942" ind1=" " ind2=" ">
    <subfield code="c">EB</subfield>
  </datafield>
  <datafield tag="999" ind1=" " ind2=" ">
    <subfield code="c">230686</subfield>
    <subfield code="d">230686</subfield>
  </datafield>
  <datafield tag="952" ind1=" " ind2=" ">
    <subfield code="0">0</subfield>
    <subfield code="1">0</subfield>
    <subfield code="4">0</subfield>
    <subfield code="a">GTB</subfield>
    <subfield code="b">GTB</subfield>
    <subfield code="d">2014-08-28</subfield>
    <subfield code="l">0</subfield>
    <subfield code="r">2014-08-28 00:00:00</subfield>
    <subfield code="w">2014-08-28</subfield>
    <subfield code="y">EB</subfield>
  </datafield>
</record>
